| 000 | 01191nam a2200253Ia 4500 | ||
|---|---|---|---|
| 003 | Ost | ||
| 005 | 20260416102352.0 | ||
| 008 | 260416s9999||||xx |||||||||||||| ||und|| | ||
| 040 | _cfsecg | ||
| 041 | _aara | ||
| 082 | _a512.943 | ||
| 100 |
_aبن يحيى ثاني، نسرين _eمؤلف |
||
| 245 | 0 |
_aمدخل إلى الخوارزميات / _c نسرين بن يحيى ثاني |
|
| 260 |
_aالجزائر _bجامعة الجزائر3: كلية العلوم الإقتصادية، العلوم التجارية وعلوم التسيير _c2017 |
||
| 300 |
_a61 ورقة _bايضاحات _c30 سم |
||
| 504 | _aمراجع ص.59؛ ملحق ص.61 | ||
| 520 | _aمدخل الى الخوارزميات، انواع المتغيرات والثوابت، التعليمات الأساسية، تعليمات المراقبة، المتغيرات المرقمة | ||
| 653 | _aالخوارزميات | ||
| 653 | _aالرياضيات | ||
| 653 | _aالمتغيرات | ||
| 653 | _aالمصفوفات | ||
| 710 |
_aجامعة الجزائر3: كلية العلوم الإقتصادية، العلوم التجارية وعلوم التسيير _eناشر علمي |
||
| 942 | _cHANDOUT | ||
| 999 |
_c41059 _d41059 |
||